Statistiques concernant La culture en couleurs (2) Bleu

Cliquez ici pour prendre le quiz!

Statistiques générales

  • Ce quiz a été pris 15 795 fois
    (15 537 depuis la dernière actualisation)
  • Le résultat moyen est 7 sur 20

Statistiques - réponses

IndiceRéponse% Correct
Le corindon est appelé rubis quand il est rouge. Quel nom lui donne-t-on s'il est bleu ?Saphir
77%
Terme médical qui désigne ce que nous appelons familièrement un bleu, un gnon, un pain...Ecchymose
74%
Ce synonyme du mot bleu, dérivé de l'arabe, peut également désigner le ciel par métonymie.Azur
72%
Surnom donné à la Force de maintien de la paix des Nations Unies.Casques Bleus
72%
Jeune fille aux yeux bleus, d'après une célèbre chanson des Inconnus.Isabelle
49%
Fleuve beau et bleu, dans une célèbre valse composée par Johann Strauss II.Danube
46%
Réalisateur français du Grand Bleu en 1988.Luc Besson
43%
Aliment coloré en bleu quand il est ensemencé par des champignons du genre Penicillium.Fromage
36%
Fleur bleue emblématique des champs de blé d'antan, et utilisée en ophtalmologie.Bleuet
35%
Nom fruité désignant la mégalopole européenne, qui s'étend de Londres à Milan.Banane Bleue
32%
Roche utilisée notamment en Mésopotamie et en Egypte antiques
pour fabriquer des bijoux et ornements bleu vif.
Lapis-lazuli
32%
Série de bandes dessinées belges se déroulant durant la guerre de Sécession.Tuniques Bleues
32%
Ville française d'où provient le denim, qui sert à fabriquer des blue-jeans.de Nîmes
30%
Peuple est désigné par le terme « hommes bleus », en raison de la couleur de leurs voiles.Touareg
29%
Elément chimique de numéro atomique 27, qui a donné son nom à une variété de bleu.Cobalt
18%
Procédé, cher à Samuel Morse, qui permettait d'envoyer des « petits bleus ».Télégraphe
17%
Grande ville à la confluence du Nil Bleu et du Nil Blanc.Khartoum
16%
Massif montagneux célèbre pour sa « ligne bleue ».Vosges
16%
Couleur des uniformes français pendant la Grande Guerre, qui a remplacé le rouge garance.Bleu horizon
9%
Terme péjoratif qui a servit à stigmatiser les femmes de lettres, comme George Sand.Bas-bleu
3%

Distribution des résultats

Percentile par nombre de réponses

% des personnes avec chaque résultat

Votre développement - résultats

Vous n’avez pas pris ce quiz depuis la dernière actualisation